Visualizzazione normale
Vista MARC
- Young Joseph
di Personal Name
Records bibliografici associati: 1
001 - CONTROL NUMBER
- control field: 13883
003 - CONTROL NUMBER IDENTIFIER
- control field: IT-RoPau
005 - DATE AND TIME OF LATEST TRANSACTION
- control field: 20140217222004.0
008 - FIXED-LENGTH DATA ELEMENTS
- fixed length control field: 140217|| aca||aabn | a|a d
040 ## - CATALOGING SOURCE
- Original cataloging agency: IT-RoPau
- Transcribing agency: IT-RoPau
100 ## - HEADING--PERSONAL NAME
- Personal name: Young Joseph
- Miscellaneous information: Codice autore musica SPICS: 16462
- Relator term: Autore musica
- Name of part/section of a work: I'm Gonna Sit Right Down and Write Myself a Letter
670 ## - SOURCE DATA FOUND
- Source citation: Work cat.: (IT-RoPau)99722: AA.VV. 794, Fats Waller